Statistiken für Länder, in denen die meisten Orangen hergestellt werden

Klicken Sie hier um das Quiz zu spielen!

Allgemein

  • Dieses Quiz wurde 73 mal gespielt
  • Das Durchschnittsergebnis liegt bei 14 aus 20

Antwortstatistiken

1000 TonnenLand% Korrekt
3 357Spanien
97%
1 501Italien
96%
17 459Brasilien
93%
8 564China
91%
7 647Indien
91%
4 630Mexiko
88%
4 616Vereinigte Staaten
84%
961Griechenland
81%
1 025Argentinien
78%
1 950Türkei
76%
2 295Indonesien
72%
1 037Marokko
71%
3 014Ägypten
69%
1 014Algerien
68%
1 561Iran
63%
1 585Pakistan
60%
1 453Südafrika
59%
768Vietnam
53%
795Syrien
34%
703Ghana
16%

Verteilung der Resultate

Perzentil nach korrekt beantworteten Fragen

Anzahl Personen mit jedem Resultat

Ihre Resultats-Entwicklung

Sie haben dieses Quiz noch nicht gespielt